• 首页
  • 本馆介绍
  • 公告通知
  • 最新文献
  • 馆藏检索
  • 电子资源
  • 读者导购
  • 参考咨询
  • 我的图书馆
  • 登录
  • 期刊详细显示
  • 现刊情况显示
  • 合订本情况显示
  • 篇目信息显示

期刊信息

  • 表格格式
  • 工作单格式
  • 卡片格式
索取号 
I06/TLR
题名 
THE LITERARY REVIEW
作者 
Fairleigh Dickinson University
分册号 
分册名 
出版地 
New Jersy,USA
出版者 
Fairleigh Dickinson University
标准刊号 
出版频率 
季刊
中图法分类 
I06
主题词 
文学评论; 文学欣赏
电子资源 
000 00610nas0 2200217 45
001 0739202749
005 20070524111308.35
100    @a20070524d km y0chiy0120 ea
101 0  @aeng
200 1  @aTHE LITERARY REVIEW@fFairleigh Dickinson University
205    @a英文版
207    @a1999(Vol.42 No.3)
210    @aNew Jersy,USA@cFairleigh Dickinson University
300    @aAN INTERNATIONAL JOURNAL OF CONTEMPORARY WRITING
326    @a季刊
606 0  @a文学评论
606 0  @a文学欣赏
690    @aI06@v4
701  0 @aFairleigh Dickinson University
801  0 @aCN@bPFT@c20070524
905    @aTJWY@dI06@eTLR
    
    THE LITERARY REVIEW/Fairleigh Dickinson University.-英文版.-1999(Vol.42 No.3).-New Jersy,USA:Fairleigh Dickinson University
    
    AN INTERNATIONAL JOURNAL OF CONTEMPORARY WRITING
    
    
    
●
相关链接: 在易读查询期刊 在中国知网中查询期刊 在万方数据查询期刊 在维普查询期刊
唐山师范学院图书馆 欢迎您!
大连网信软件有限公司© 版权所有